00359nam a2200157Ia 450000100040000000500170000400800410002104100080006208200150007010000310008524500530011626000090016930000070017865000080018565400080019393120260306140554.0260306t2003||||xx |||||||||||||| ||spa|| aESP a174.4bE85 aEspejo Reese, RicardoeAUT 0aÉtica y empresas:bel caso de la banca peruana c2003 ac aGEN aCHU